000 00612cam a22002411 4500
001 sa 64005655
003 DLC
005 20260227112034.0
008 890823s1964 ii b 000 0 hino
010 _asa 64005655
035 _a(OCoLC)20237173
040 _aDLC
_cWaU
_dDLC
042 _apremarc
043 _aa-ii---
050 0 0 _aPK1967.2
_b.V3
100 1 _aVājapeyī, Jagadīśa.
245 1 0 _aĀdhunika Brajabhāshā-kāvya.
260 _c[1964]
300 _a 286 p.
_c23 cm.
500 _aIn Hindi.
504 _aBibliography: p. [281]-286.
650 0 _aBraj poetry
_xHistory and criticism.
999 _c59246
_d59246